000 01066nam0a22002531 4500
001 rc\4876999
005 20260408061323.0
021 _aRU
_bРг5669-64
035 _a(NLR Aleph) 008824789
090 _a8244879
_c8244879
100 _a20130426d1964 |||y0rusy50 ca
101 0 _arus
102 _aRU
105 _aa z |||||
200 1 _aЦентробежные электровентиляторы типа ЭВР № 2, 3, 4, 5, 6 и ВР № 3, 4, 5, 6
_eИнструкция по эксплуатации и уходу
_fМоск. совнархоз. ЦБТИ. Крюковский вентиляторный завод
210 _aМосква
_cБ. и.
_d1964
215 _a15 с.
_cчерт.
_d21
712 0 2 _aСквирский завод санитарно-технических изделий
_3RU\NLR\AUTH\8810205667
_9298981
712 0 2 _aКрюковский вентиляторный завод
_3RU\NLR\AUTH\8810040159
_9579386
801 0 _aRU
_bNLR
_gpsbo
801 1 _aRU
_bELAR
_2rusmarc
852 _aNLR
_j64-6/8882
942 _cBOOK
980 _aNB